LIBRARY ONLINE CATALOGUE

Statistics for business : (Record no. 9120)

MARC details
000 -LEADER
fixed length control field 00721cam a22002292 4500
001 - CONTROL NUMBER
control field 0000019894
005 - DATE AND TIME OF LATEST TRANSACTION
control field 20151217152203.0
008 - FIXED-LENGTH DATA ELEMENTS--GENERAL INFORMATION
fixed length control field 110302s xx 000 0 eng d
020 ## - INTERNATIONAL STANDARD BOOK NUMBER
International Standard Book Number 0321709318 :
040 ## - CATALOGING SOURCE
Original cataloging agency KABU
Transcribing agency KABU
100 1# - MAIN ENTRY--PERSONAL NAME
Personal name Stine, Robert.
-- 0000179865
245 10 - TITLE STATEMENT
Title Statistics for business :
Remainder of title decision making and analysis /
Statement of responsibility, etc. Robert Stine, Dean Foster.
250 ## - EDITION STATEMENT
Edition statement 1st ed.
260 ## - PUBLICATION, DISTRIBUTION, ETC. (IMPRINT)
Place of publication, distribution, etc. Boston :
Name of publisher, distributor, etc. Addidon,
Date of publication, distribution, etc. 2011.
300 ## - PHYSICAL DESCRIPTION
Extent 1 v.. (various paging) +
Accompanying material 1 CD-ROM.
650 #0 - SUBJECT ADDED ENTRY--TOPICAL TERM
Topical term or geographic name as entry element Commercial statistics.
-- 0000149884
650 #0 - SUBJECT ADDED ENTRY--TOPICAL TERM
Topical term or geographic name as entry element Statistics.
-- 0000149871
700 1# - ADDED ENTRY--PERSONAL NAME
Personal name Foster, Dean.
-- 0000179866
852 1# - LOCATION
-- p3100 KES
908 ## - PUT COMMAND PARAMETER (RLIN)
Put command parameter 110302
950 ## - LOCAL HOLDINGS (RLIN)
-- 1
Holdings
Withdrawn status Lost status Source of classification or shelving scheme Not for loan Home library Current library Date acquired Total Checkouts Total Renewals Full call number Barcode Date last seen Date last checked out Price effective from Koha item type
    Library of Congress Classification   Kabarak, Nakuru City Campus Kabarak, Nakuru City Campus 17/12/2015 1 1 HF1017 .S75 2011 c.1 22232 23/08/2022 26/08/2019 17/12/2015 General Collection